Methods for analysis of irrigated soils (Record no. 28692)

MARC details
000 -LEADER
fixed length control field 00408nam a2200145Ia 4500
082 ## - DEWEY DECIMAL CLASSIFICATION NUMBER
Classification number 631.42
Item number LOV
245 #0 - TITLE STATEMENT
Title Methods for analysis of irrigated soils
260 ## - PUBLICATION, DISTRIBUTION, ETC. (IMPRINT)
Place of publication England
Name of publisher CAB
Year of publication 1974
490 ## - SERIES STATEMENT
Series statement Commonwealth bureau of soils, technical communication;54
650 ## - SUBJECT ADDED ENTRY--TOPICAL TERM
Topical Term Soil analysis
650 ## - SUBJECT ADDED ENTRY--TOPICAL TERM
Topical Term Water retention
700 ## - ADDED ENTRY--PERSONAL NAME
Personal name LOVEDAY, J
942 ## - ADDED ENTRY ELEMENTS (KOHA)
Koha item type Books
Holdings
Withdrawn status Lost status Damaged status Not for loan Home library Current library Date acquired Full call number Accession Number Koha item type
        RRII Library RRII Library 16/12/2021 631.42 LOV 09287 Books